The big book of leadership games : Quick, fun activities to improve communication, increase productivity, and bring out the best in your employees
This book offers managers 50 fun, illuminating experiential activities for building a positive, open, and productive relationship with the people they manage. Unlike ropes courses and other off-site management activities, The Big Book of Leadership Games features activities that can be used in the w...
Tallennettuna:
| Päätekijä: | |
|---|---|
| Aineistotyyppi: | Kirja |
| Kieli: | Undetermined |
| Julkaistu: |
New York
McGraw-Hill
2004
|
| Aiheet: | |
| Tagit: |
Lisää tagi
Ei tageja, Lisää ensimmäinen tagi!
|
| Thư viện lưu trữ: | Trung tâm Học liệu Trường Đại học Cần Thơ |
|---|
| LEADER | 01067nam a2200217Ia 4500 | ||
|---|---|---|---|
| 001 | CTU_172293 | ||
| 008 | 210402s9999 xx 000 0 und d | ||
| 020 | |c 536580 | ||
| 082 | |a 658.4092 | ||
| 082 | |b D378 | ||
| 100 | |a Deming, Vasudha Kathleen | ||
| 245 | 4 | |a The big book of leadership games : | |
| 245 | 0 | |b Quick, fun activities to improve communication, increase productivity, and bring out the best in your employees | |
| 245 | 0 | |c Vasudha K. Deming | |
| 260 | |a New York | ||
| 260 | |b McGraw-Hill | ||
| 260 | |c 2004 | ||
| 520 | |a This book offers managers 50 fun, illuminating experiential activities for building a positive, open, and productive relationship with the people they manage. Unlike ropes courses and other off-site management activities, The Big Book of Leadership Games features activities that can be used in the workplace during staff meetings, as a part of training sessions, or even in the course of daily work. | ||
| 650 | |a Lãnh đạo,Leadership | ||
| 904 | |i mai, Hải | ||
| 980 | |a Trung tâm Học liệu Trường Đại học Cần Thơ | ||